Sports Quiz

Random Sports or Football Quiz

Grey Cup Winners Quiz Stats

 Plays Quiz Updated Nov 30, 2021

     
Support Sporcle.
Go Orange.
Score 0/107 Timer 15:00
0 Plays Today
Year Winning Team % Correct
2019Winnipeg Blue Bombers
91.3%
2018Calgary Stampeders
87.8%
2017Toronto Argonauts
85.5%
2015Edmonton Eskimos
83%
2013Saskatchewan Roughriders
80.2%
2009Montreal Alouettes
79.2%
2011BC Lions
78.6%
2016Ottawa Redblacks
78.6%
2014Calgary Stampeders
77.9%
2012Toronto Argonauts
77.7%
2008Calgary Stampeders
71%
2004Toronto Argonauts
66.4%
2006BC Lions
66.2%
2005Edmonton Eskimos
65.4%
2003Edmonton Eskimos
64.6%
2002Montreal Alouettes
64.2%
2000BC Lions
63%
1996Toronto Argonauts
62.6%
1997Toronto Argonauts
62.2%
2001Calgary Stampeders
61.9%
1982Edmonton Eskimos
60.9%
1991Toronto Argonauts
60.9%
1981Edmonton Eskimos
60.8%
1980Edmonton Eskimos
60.6%
1999Hamilton Tiger-Cats
60.6%
1994BC Lions
60.3%
1998Calgary Stampeders
60.3%
1993Edmonton Eskimos
59.9%
1983Toronto Argonauts
59.8%
1979Edmonton Eskimos
59.6%
1987Edmonton Eskimos
58.6%
1992Calgary Stampeders
58.5%
1990Winnipeg Blue Bombers
58.2%
1985BC Lions
57.8%
1978Edmonton Eskimos
57.6%
1988Winnipeg Blue Bombers
56.9%
Year Winning Team % Correct
1984Winnipeg Blue Bombers
56.8%
1986Hamilton Tiger-Cats
56.5%
2007Saskatchewan Roughriders
55.9%
1975Edmonton Eskimos
54.2%
1977Montreal Alouettes
54.1%
1976Ottawa Rough Riders
53.8%
1974Montreal Alouettes
52.4%
1970Montreal Alouettes
52.2%
1971Calgary Stampeders
51.6%
1995Baltimore Stallions
51.6%
1956Edmonton Eskimos
51.5%
1964BC Lions
51.5%
1954Edmonton Eskimos
51.4%
1952Toronto Argonauts
51.3%
1972Hamilton Tiger-Cats
51%
1950Toronto Argonauts
51%
1989Saskatchewan Roughriders
51%
1955Edmonton Eskimos
50.9%
1961Winnipeg Blue Bombers
50.5%
1958Winnipeg Blue Bombers
50.2%
1962Winnipeg Blue Bombers
50.1%
1963Hamilton Tiger-Cats
50.1%
1965Hamilton Tiger-Cats
50.1%
1967Hamilton Tiger-Cats
50.1%
1947Toronto Argonauts
49.8%
1959Winnipeg Blue Bombers
49.7%
1946Toronto Argonauts
48.8%
1957Hamilton Tiger-Cats
48.8%
1914Toronto Argonauts
48.5%
1921Toronto Argonauts
48.3%
1948Calgary Stampeders
48.3%
1949Montreal Alouettes
48.2%
1953Hamilton Tiger-Cats
48%
1945Toronto Argonauts
47.1%
1933Toronto Argonauts
46.8%
1937Toronto Argonauts
46.7%
Year Winning Team % Correct
1966Saskatchewan Roughriders
46.3%
1938Toronto Argonauts
45.5%
1973Ottawa Rough Riders
45.2%
1968Ottawa Rough Riders
44.9%
1969Ottawa Rough Riders
44.8%
2010Montreal Alouettes
44.6%
1939Winnipeg Blue Bombers
44.5%
1941Winnipeg Blue Bombers
44.2%
1960Ottawa Rough Riders
43.9%
1951Ottawa Rough Riders
42.9%
1909University of Toronto Varsity Blues
41.7%
1910University of Toronto Varsity Blues
40.3%
1911University of Toronto Varsity Blues
39.7%
1940Ottawa Rough Riders
39.6%
1920University of Toronto Varsity Blues
35.8%
1913Hamilton Tigers
35.4%
1915Hamilton Tigers
34.7%
1928Hamilton Tigers
32.8%
1932Hamilton Tigers
32.6%
1929Hamilton Tigers
32.6%
1934Sarnia Imperials
31.4%
1936Sarnia Imperials
31.1%
1927Toronto Balmy Beach
24.9%
1930Toronto Balmy Beach
24.6%
1925Ottawa Senators
15.6%
1926Ottawa Senators
15.4%
1912Hamilton Alerts
15.1%
1943Hamilton Flying Wildcats
13.9%
1922Queen's Gaels
12.7%
1923Queen's Gaels
12.7%
1924Queen's Gaels
12.6%
1935Winnipeg 'Pegs
12.4%
1942Toronto RCAF Hurricanes
10.9%
1931Montreal AAA
10.9%
1944Montreal HMCS Donnacona
8.7%

From the Vault

The Beach Boys or the Beatles

by NO_r_WAY

Music 3m
I wish they all could be Sexy Sadie.
Remove Ads.
Support Sporcle.
Get the best of Sporcle when you Go Orange. This ad-free experience offers more features, more stats, and more fun while also helping to support Sporcle. Thank you for becoming a member.

Show Comments

Extras

Top Quizzes Today


Score Distribution

Your Account Isn't Verified!

In order to create a playlist on Sporcle, you need to verify the email address you used during registration. Go to your Sporcle Settings to finish the process.

Report this User

Report this user for behavior that violates our Community Guidelines.

Details: